<The> Journal of industrial economics

Na minha lista:
Detalhes bibliográficos
Formato: Periódico
Idioma:inglês
Publicado em: Oxford Blackwell 1984
Tags: Adicionar Tag
Sem tags, seja o primeiro a adicionar uma tag!

MARC

LEADER 00000nas2a2200000 4500
001 s109392
005 20250730114202.5
041 0 |a eng 
044 |a GB 
245 1 0 |a <The> Journal of industrial economics 
264 1 |a Oxford  |b Blackwell  |c 1984 
300 |a 1 zv. 
773 0 |w eu_un_cat*s121021